| 000 | 01223cam a22003497a 4500 | ||
|---|---|---|---|
| 999 |
_c525118 _d525118 |
||
| 001 | 14447439 | ||
| 003 | NUST | ||
| 005 | 20190628064422.0 | ||
| 008 | 060712s2004 pk a b 000 0burdo | ||
| 010 | _a 2006330323 | ||
| 020 | _a9694721644 | ||
| 025 | _aP-U-2006330323 ; 20 | ||
| 038 | _aAzhar | ||
| 040 |
_aDLC _cDLC |
||
| 042 | _alcode | ||
| 043 | _aaz----- | ||
| 050 | 0 | 0 | _aMLCSA 2009/02046 (P) |
| 082 |
_a891.439092 _bTUR |
||
| 100 | 1 |
_aTurābī, Nis̲ār. _915893 |
|
| 245 | 1 | 0 |
_aShāh Murād K̲h̲ānpūrī : _bḥayāt o fan / _cNis̲ār Turābī. |
| 260 |
_aIslāmābād : _bAkādamī Adabiyāt-i Pākistān, _c2004. |
||
| 300 |
_a165 p. ; _bill. ; _c22 cm. |
||
| 490 | 0 | _aPākistānī adab ke miʻmār | |
| 504 | _aIncludes bibliographical references (p. 151-165). | ||
| 520 | _aOn the life and works of Shāh Murād, d. 1702, a noted Sufi poet from South Asia; includes sample of his works. | ||
| 546 | _aIn Urdu. | ||
| 653 | 0 |
_aShāh Murād, d. 1702; _abiography |
|
| 710 | 2 |
_aAkādmī Adabiyāt-i Pākistān. _915894 |
|
| 906 |
_a7 _bcbc _corigode _d4 _encip _f20 _gy-gencatlg |
||
| 942 |
_2ddc _cBK |
||